Python: The Complete Reference (Record no. 2492)
[ view plain ]
| 000 -LEADER | |
|---|---|
| Fixed length control field | 00403nam a2200157 4500 |
| 003 - CONTROL NUMBER IDENTIFIER | |
| Control field | SEACOMEC |
| 005 - DATE AND TIME OF LATEST TRANSACTION | |
| Control field | 20250829121126.0 |
| 008 - FIXED-LENGTH DATA ELEMENTS--GENERAL INFORMATION | |
| Fixed length control field | 250829b |||||||| |||| 00| 0 eng d |
| 020 ## - INTERNATIONAL STANDARD BOOK NUMBER / ISBN | |
| International Standard Book Number | 978-9387572942 |
| Price | 488 |
| 040 ## - CATALOGING SOURCE | |
| Original cataloging agency | SEACOMEC |
| 082 ## - DEWEY DECIMAL CLASSIFICATION NUMBER | |
| Classification number | 005.133 |
| Book Number | B725 |
| 100 ## - MAIN ENTRY--PERSONAL NAME | |
| Personal name | Brown, Martin C. |
| 245 ## - TITLE STATEMENT | |
| Title | Python: The Complete Reference |
| Statement of responsibility | Martin C. Brown |
| 260 ## - IMPRINT | |
| Place of publication | New Delhi |
| Name of publisher | TMH |
| Date of publication | 2018 |
| 942 ## - ADDED ENTRY ELEMENTS (KOHA) | |
| Koha item type | Books |
| Withdrawn status | Lost status | Source of classification | Damaged status | Not for loan | Home library | Current library | Date acquired | Total Checkouts | Call number | Accession number | Checked out | Date last seen | Date checked out | Price effective from | Koha item type |
|---|---|---|---|---|---|---|---|---|---|---|---|---|---|---|---|
| Dewey Decimal Classification | SEACOM ENGINEERING COLLEGE | SEACOM ENGINEERING COLLEGE | 11/03/2022 | 2 | 005.133 B725 | 21439 | 15/04/2026 | 01/04/2026 | 01/04/2026 | 29/08/2025 | Books |
